Teoría del derecho /

Na minha lista:
Detalhes bibliográficos
Autor principal: Fondevila, Gustavo (autor)
Formato: Livro
Idioma:espanhol
Publicado em: México : CIDE, 2017, c2017
Colecção:(Docencia CIDE)
Assuntos:
Tags: Adicionar Tag
Sem tags, seja o primeiro a adicionar uma tag!

MARC

LEADER 00000nam^a2200000^a^4500
001 000399630
005 20250521000000.0
009 20260310121558.393
020 |a 978-607-9367-90-9 
037 |a Acervo ITESO - Biblioteca 
041 |a ESP 
082 |a 340. 1  |b FON 
100 |a Fondevila, Gustavo  |e (autor) 
245 1 0 |a Teoría del derecho /  |c G. Fondevila. 
264 4 |a México :  |b CIDE,  |c 2017, c2017 
300 |a 190 p. +  |e 1 disco compacto de computadora 
336 |a texto  |b txt  |2 rdacontenido 
337 |a sin mediación  |b n  |2 rdamedio 
338 |a volumen  |b nc  |2 rdasoporte 
440 1 |a (Docencia CIDE) 
521 |a FIL 2017 EEnlace Departamento de Estudios Sociopolíticos y Jurídicos 
649 |a XX 
650 |a Derecho -  |x Filosofía 
650 |a Derecho -  |x Teoría -  |x Tema Principal 
650 |a Derecho 
910 |a Fondo General 
920 |a Impresos - Libros 
930 |a Colección General 
905 |a 101 
901 |a 0500294873  |b IT1  |c ACC  |i c157968  |u 20250521 
901 |a 0500294909  |b IT2  |c SWS  |i c157968  |u 20250521 
902 |a https://opac.biblio.iteso.mx/vufind/Record/000399630